[Event "Tortosa op"]
[Site "Tortosa"]
[Date "1996.07.10"]
[Round "6"]
[White "Bort Forcadell, Miguel"]
[Black "Poy Prades, Marti"]
[Result "0-1"]
[WhiteElo "1800"]
[BlackElo "2010"]
[PlyCount "72"]
[EventDate "1996.07.05"]
[EventType "swiss"]
[EventRounds "9"]
[EventCountry "ESP"]
[SourceTitle "EXT 2003"]
[Source "ChessBase"]
[SourceDate "2002.11.25"]
[SourceVersion "1"]
[SourceVersionDate "2002.11.25"]
[SourceQuality "1"]

1. e4 e5 2. Nf3 Nc6 3. Bb5 a6 4. Ba4 Nf6 5. 0-0 b5 6. Bb3 Be7 7. Re1 d6 8. h3 Na5 9. c3 Nxb3 10. Qxb3 c5 11. d4 Qc7 12. dxe5 dxe5 13. Bg5 0-0 14. Nbd2 c4 15. Qc2 h6 16. Bh4 Bb7 17. Rad1 Rfe8 18. b4 a5 19. a3 axb4 20. axb4 Ra6 21. Nb1 Rea8 22. Nfd2 g5 23. Bg3 Nh5 24. Bh2 Nf4 25. Bxf4 gxf4 26. Nf3 Kh7 27. Qe2 Rg6 28. Rd2 Rag8 29. Qf1 f5 30. exf5 Rxg2+ 31. Qxg2 Rxg2+ 32. Kxg2 Qc6 33. Kh2 Qxf3 34. Rg1 Bc6 35. Ra2 Bh4 36. Ra7+ Kh8 0-1